000
00322 a2200133 4500
001
153818
040
_c
Escola São Tomás de Aquino
100
_a
MACHADO, Ana Maria
240
1
0
_a
Um dragão no piquenique
_l
por
245
1
0
_a
Um dragão no piquenique
362
0
_a
1985
697
_a
*LITERATURA INFANTIL
942
_c
BK
999
_c
153818
_d
153818